Helsingin pörssin menestyneimmät yritykset - Statistics

General Stats
  • This quiz has been taken 6 times
  • The average score is 5 of 15
Answer Stats
Hint Answer % Correct
1 Nokia
100%
7 Kone
83%
8 UPM
83%
6 Cargotec
33%
5 Konecranes
33%
4 Nordea
33%
15 Stora enso
33%
10 Wärtsilä
33%
9 Huhtamäki
17%
13 Orion
17%
11 Qt group
17%
2 Sampo
17%
14 Valmet
17%
16 Mandatun
0%
12 Terveystalo
0%
No matching quizzes found
Score Distribution
Percent of People with Each Score
Percentile by Number Answered
Your Score History
You have not taken this quiz